Liedtext Digimon-Wir werden siegen - Statistiken

Allgemein
  • Dieses Quiz wurde 98 mal gespielt
  • Das Durchschnittsergebnis liegt bei 86 aus 110
Antwortstatistiken
Antwort % Korrekt
Wir
100%
wir
100%
du
95%
Sieg
95%
werden
95%
und
90%
die
86%
sei
86%
sein
86%
gehen
83%
auf
81%
bis
81%
es
81%
für
81%
geben
81%
muss
81%
noch
81%
siegen
81%
Sieger
81%
dein
79%
der
79%
dick
79%
diese
79%
dünn
79%
durch
79%
nicht
79%
stark
79%
viel
79%
wird
79%
wirst
79%
den
76%
denn
76%
dich
76%
dir
76%
nie
76%
welt
76%
Welt
76%
zu
76%
bereit
74%
bleiben
74%
daran
74%
Freunde
74%
gib
74%
in
74%
sehen
74%
weiter
74%
ans
71%
dieser
71%
drauf
71%
Ende
71%
geschehen
71%
habens
71%
kämpfen
71%
musst
71%
Reise
71%
wenn
71%
also
69%
bestes
69%
fremde
69%
glaub
69%
jemand
69%
treibt
69%
etwas
67%
Kraft
67%
liegt
67%
Spürst
67%
hält
64%
hast
64%
genau
62%
weißt
62%
weg
60%
Erfüllung
57%
jeder
57%
Wunsch
57%
Lauf
50%
Doch
40%
Keine übereinstimmenden Quizze gefunden
Verteilung der Resultate
Anzahl Personen mit jedem Resultat
Perzentil nach korrekt beantworteten Fragen
Ihre Resultats-Entwicklung
Sie haben dieses Quiz noch nicht gespielt